Представление документа в формате RUSMARC

ПолеНазваниеЗначение
  Тип записи a
  Библиографический уровень m
001 Контрольный номер b0aa91927e0b4c74b2a7b03f4e888a3a
005 Дата корректировки 20240903155440.7
100 Данные общей обработки __
a Данные общей обработки 20230707 ||| 0rusy0189 ca
101 Язык документа 0_
a Язык текста rus
102 Страна публикации __
a Страна публикации RU
200 Заглавие и сведения об ответственности 1_
a Заглавие № 7 (2987)
e Сведения, относящиеся к заглавию Языки и народы
210 Выходные данные 1_
d Дата издания 2023
215 Физическое описание __
a Объем 110 с.
461 Уровень набора _0
1 2001
a Вокруг света
f учредитель: ООО "Издательство "Вокруг света"
e журнал Русского географического общества
v № 7 (2987)
1 2101
a Москва
d 1980 -
1 00194c2c26a49b64db99a35996d4d76feba
1 300
a Вых. с 1861 года
1 333
a 16+
801 Источник записи _0
a Страна RU
b Организация УОБДЮ
c Дата составления 20230707
g Правила каталогизации RCR
801 Источник записи _1
a Страна RU
b Организация УОБДЮ
c Дата составления 20230707
g Правила каталогизации RCR
900 Электронные ресурсы __
a Имя электронного ресурса вс72023
901 Тип документа __
t Тип документа s
w Контрольный № источника 94c2c26a49b64db99a35996d4d76feba
905 Данные по созданию БЗ __
b Логин пользователя, который создал БЗ о4
909 Создатель записи __
a Создатель записи Бондаренко В.А.
910 Корректоры записи __
a Корректор записи Бондаренко В.А.
919 __
a Бондаренко В.А.
c Бондаренко В.А.